Pasiones bélicas: gestión de la guerra en Colombia en la primera década del siglo XXI /
محفوظ في:
| المؤلف الرئيسي: | |
|---|---|
| التنسيق: | نص |
| الوسوم: |
إضافة وسم
لا توجد وسوم, كن أول من يضع وسما على هذه التسجيلة!
|
MARC
| LEADER | 00000 a a2200000 04500 | ||
|---|---|---|---|
| 001 | 45809 | ||
| 003 | |||
| 040 | |a CRAI/IIS |c CRAI/IIS | ||
| 100 | |a Muñoz Onofre, Darío Reynaldo | ||
| 245 | |a Pasiones bélicas: |b gestión de la guerra en Colombia en la primera década del siglo XXI / |c Darío Reynaldo Muñoz Onofre | ||
| 773 | |g número37 (2012), páginas 89-103 | ||
| 999 | |c 18495 |d 18495 | ||
